03177nam a2200517Ia 45000010005000000080041000050100009000460410014000550820024000692450148000932600018002413000008002595200007002676300013002746300029002876500018003166900014003347000029003487000044003779010053004219020006004749030037004809040018005179050063005359060006005989070014006049080014006189090051006329100015006839110010006989120014007089130009007229140026007319150009007579160009007669170009007759180014007849190018007985201784008169210007026009220007026079230006026149240014026209420010026349990015026443579241029s9999 xx 000 0 und d a3356 aEspañol aMA-OEIP 001 FH 2010 0aOrientación Vocacional en Alumnos del 8vo.Grado del Centro Educativo María Teresa Quidiello, un estudio descriptivo,Año Escolar 2005-2006 aSanto Domingo a110 a19 aAlumnado aOrientación Vocacional aOrientación aElaborado easesoraPouriet, Vicenta eautoraDe la Rosa Martínez, Miguelina a{"1":"De la Rosa Martínez"}b{"1":"Miguelina"} a1 a{"1":"Pouriet"}b{"1":"Vicenta"} aMagíster en aOrientación Educativa e Intervención Psicopedagógica a2 aNO APLICA aNO APLICA aUniversidad Autónoma de Santo Domingo (UASD) aNULLbNULL a["1"] aNO APLICA aNULL a05 de Octubre de 2010 aNULL aNULL aNULL aNO APLICA a["244","150"] aAl terminar el octavo curso los alumnos también finalizan el ciclo de Básica, pero en este momento, todavía no tienen articulado un proyecto de vida que pueda incluir una opción técnica o una salida profesional. La orientación vocacional debe iniciarse lo más temprano en la vida, de manera que los estudiantes puedan discernir acerca de sus aptitudes y sus intereses vocacionales, los cuales puedan inclinarlos adecuadamente en la selección de una ocupación o una profesión.El objetivo principal de esta investigación es disponer de la información de base acerca de indicadores que pudieran servir para el diseño de un programa de intervención en orientación vocacional para los alumnos de 8vo. del Centro Educativo María Teresa Quidiello.Se trató de una investigación descriptiva, se utilizaron técnicas tanto cualitativas como discusión en grupos focales y entrevistas; como una técnica cuantitativa: el cuestionario a alumnos. Se trabajó con una muestra de 38 estudiantes del 8vo. grado y 7 profesores.Entre las principales conclusiones estuvieron, que la asignatura que más les gusta es la Lengua Materna y, la que menos les gusta es la Matemática. Tienen por lo menos una posibilidad de elección vocacional, la cual realizarían aunque su condición económica no se lo permitiese; ven el profesorado como posible elección vocacional y muestran la madurez que corresponde al nivel y al grado.El estudio recomienda que la Educación Básica requiera de mejoría. Las escuelas de Educación Básica deben llegar a convertirse en técnicos laborales con mayor número de horas en teoría y prácticas e incluir almuerzo y capacitar al maestro para que sea un facilitador de la orientación vocacional del joven. a16 a16 a0 aNO APLICA cTesis c3356d3356